000 00365nam a22001577a 4500
005 20180316150059.0
008 160527b xxu||||| |||| 00| 0 eng d
020 _a81-7188-247-1
041 _aeng
082 _b5568
_a332.632
245 _aManual of SEBI
260 _aNew Delhi
_bAcademic Faundation
300 _a253
650 _aManagement
_9241
942 _cBK
999 _c1984
_d1983